| 000 | 00687cam a2200241Ii 4500 | ||
|---|---|---|---|
| 999 |
_c6489 _d6489 |
||
| 001 | 2418169 | ||
| 003 | OCoLC | ||
| 005 | 20190117094014.0 | ||
| 008 | 760908c19761967nyu 001 0 eng d | ||
| 020 |
_a0385113676 _c$3.50 |
||
| 040 |
_aSLC _cSLC _dOCL _dCMJ |
||
| 082 |
_a262.7 _bK96C |
||
| 090 |
_aBX1746 _b.K813 1976x |
||
| 100 | 1 |
_aKüng, Hans, _d1928- |
|
| 240 | 1 | 0 |
_aKirche. _lEnglish |
| 245 | 1 | 4 |
_aThe Church / _cHans Küng |
| 260 |
_aGarden City, N.Y. : _bImage Books, _c1976, c1967 |
||
| 300 |
_a655 p. ; _c18 cm |
||
| 500 | _aOriginally published under the title: Die Kirche | ||
| 504 | _aIncludes bibliographical references and indexes | ||
| 650 | 0 | _aChurch | |
| 942 |
_2ddc _cBK |
||